000 01480cam a22002773a 4500
001 16412
003 PGUSA
005 20140828083341.0
008 050801s2005||||xxu|||||s|||||000 | eng d
040 _aPGUSA
_beng
042 _adc
050 4 _aPR
100 1 _aSwinburne, Algernon Charles,
_d1837-1909
245 1 2 _aA Study of Shakespeare
_h[electronic resource] /
_cAlgernon Charles Swinburne
260 _bProject Gutenberg,
_c2005
500 _a"Report of the proceedings ... of the newest Shakespeare society" is an attack upon the New Shakespere society.
505 0 _aA study of Shakespeare. I. First period: lyric and fantastic. II. Second period: comic and historic. III. Third period: tragic and romantic (from Fortnightly review, May, 1875, January, 1876) -- Appendix. I. Note on the historical play of King Edward III (from Gentleman's magazine, August and September, 1879) II. Report of the proceedings on the first anniversary session of the newest Shakespeare society (from the Examiner, April, 1876) III. Additions and corrections [signed: Chimera Bombinans in Vacuo] (from the Examiner, April, 1876).
506 _aPublic domain in the USA.
516 _aElectronic text
653 _aNew Shakspere Society (Great Britain)
653 _aShakespeare, William, 1564-1616 -- Criticism and interpretation
700 1 _aGosse, Edmund,
_d1849-1928
830 0 _aProject Gutenberg
_v16412
856 4 0 _uhttp://www.gutenberg.org/ebooks/16412
942 _cEB
999 _c245667
_d245667